000 00666npc a2200205Ia 4500
001 ist256-47427
003 IT-MiCISF
008 161014s9999||||xx | und||
040 _aIT-MiCISF
_cIT-MiCISF
041 _ait
100 _aAA.VV.
245 0 _aI viaggi in Italia e all'estero nel 2006
_bIndagine multiscopo sulle famiglie "viaggi e vacanze". Anno 2006
250 _a1a ed.
260 _a Roma
_bIstat
_c2009
300 _app. 85
500 _aIstituto Nazionale di Statistica - In appendice: Il modello di rilevazione. Contiene Cd-rom / famiglia, tempo-libero, statistica /
650 _afamiglia
942 _cDD
957 _71
999 _a47427
_bsi
_g1
_c206207
_d206207